Loading...
| Fine Arts - Classical Music | 8 | 21.25 | 100% | 75% | 38% |
| Fine Arts - Other Fine Arts | 6 | 21.67 | 100% | 83% | 33% |
| Fine Arts - Visual Fine Arts | 4 | 17.50 | 100% | 75% | 0% |
| Geography/Current Events | 2 | 20.00 | 100% | 50% | 50% |
| History - American History | 7 | 20.00 | 100% | 86% | 14% |
| History - European History | 8 | 15.00 | 88% | 50% | 13% |
| History - Other History | 7 | 14.29 | 100% | 29% | 14% |
| History - World History | 4 | 20.00 | 100% | 75% | 25% |
| Literature - American Literature | 8 | 17.50 | 88% | 50% | 38% |
| Literature - British Literature | 6 | 13.33 | 67% | 67% | 0% |
| Literature - European Literature | 5 | 16.00 | 100% | 60% | 0% |
| Literature - World/Other Literature | 3 | 16.67 | 100% | 67% | 0% |
| Mythology | 5 | 18.00 | 80% | 80% | 20% |
| Other Academic | 2 | 15.00 | 100% | 50% | 0% |
| Philosophy | 5 | 14.00 | 100% | 40% | 0% |
| Religion | 6 | 13.33 | 83% | 33% | 17% |
| Science - Biology | 5 | 16.00 | 80% | 40% | 40% |
| Science - Chemistry | 5 | 14.00 | 100% | 40% | 0% |
| Science - Other Science | 6 | 20.00 | 100% | 50% | 50% |
| Science - Physics | 7 | 24.29 | 100% | 71% | 71% |
| Social Science | 6 | 13.33 | 83% | 33% | 17% |
| World/Other Literature> | 1 | 20.00 | 0% | 100% | 100% |